Nuvole e arcobaleni : il fumetto GLBT /
I tiakina i:
| Kaituhi matua: | |
|---|---|
| Ētahi atu kaituhi: | , , , , |
| Hōputu: | Pukapuka |
| Reo: | Itāriana |
| I whakaputaina: |
Latina :
Tunuè,
[2009]
|
| Rangatū: | Lapilli ;
16 |
| Ngā marau: | |
| Ngā Tūtohu: |
Kāore He Tūtohu, Me noho koe te mea tuatahi ki te tūtohu i tēnei pūkete!
|
MARC
| LEADER | 00000nam a22000007i 4500 | ||
|---|---|---|---|
| 001 | IT\ICCU\UBO\3620222 | ||
| 003 | ItRI | ||
| 005 | 20260124131416.0 | ||
| 008 | 090424s2009 it |||||| ||||| |||||c | ||
| 020 | |a 9788889613436 | ||
| 040 | |b ita |c Arcigay Rimini | ||
| 041 | 7 | |a ita |2 ISO-639-2 | |
| 100 | 1 | |a Scrivo, Susanna |0 IT\ICCU\UBOV\983274 |4 aut | |
| 240 | 1 | 0 | |a Nuvole e arcobaleni |9 Scrivo, Susanna |
| 245 | 1 | 0 | |a Nuvole e arcobaleni : |b il fumetto GLBT / |c Susanna Scrivo ; prefazione di Veruska Sabucco ; con un saggio di Helena Velena ; contributi di Simone Castagno, Stefania Culurgioni, Massimiliano De Giovanni. |
| 260 | |a Latina : |b Tunuè, |c [2009] | ||
| 300 | |a XI, 274 p. : |b ill. ; |c 19 cm. | ||
| 650 | 7 | |a Fumetti omosessuali |2 nsbncf | |
| 700 | 1 | |a Velena, Helèna |0 IT\ICCU\RAVV\093159 | |
| 700 | 1 | |a Castagno, Simone | |
| 700 | 1 | |a Culurgioni, Stefania |0 IT\ICCU\UBOV\322168 | |
| 700 | 1 | |a De Giovanni, Massimiliano |0 IT\ICCU\UBOV\483808 | |
| 700 | 1 | |a Sabucco, Veruska |0 IT\ICCU\UBOV\547798 | |
| 830 | 0 | |a Lapilli ; |v 16 |0 IT\ICCU\UBO\2765358 | |
| 942 | |2 ddc |c BK | ||
| 952 | |0 0 |1 0 |2 ddc |4 0 |6 306_766000000000000_SCR_NUV |7 1 |9 2682 |a RN |b RN |d 2025-01-02 |l 0 |o 306.766 SCR NUV |p 10095 |r 2025-01-02 12:15:18 |w 2025-01-02 |y BK | ||
| 952 | |0 0 |1 0 |2 ddc |4 0 |6 306_766000000000000_SCR_NUV |7 1 |9 4016 |a AO |b AO |d 2025-04-26 |l 0 |o 306.766 SCR NUV |p 11201 |r 2025-04-26 11:50:04 |w 2025-04-26 |x Di proprietà di Giulio Gasperini |y BK | ||
| 952 | |0 0 |1 0 |2 ddc |4 0 |6 B_FAL01SCRSUNUV11 |7 0 |9 9134 |a MI |b MI |d 2012-02-24 |i 6402 |l 0 |o B-FAL01-SCRSU-NUV11 |p CDOM6402 |r 2025-07-17 21:50:45 |w 2025-07-17 |x DONO |y BK | ||
| 952 | |0 0 |1 0 |4 0 |6 DOC_741_500000000000000_SCR |7 0 |9 21339 |a BO |b BO |d 2026-01-15 |i 14689 |l 0 |o DOC 741.5 SCR |p BO14689 |r 2026-01-15 23:21:53 |w 2026-01-15 |x [Sebina 5] [1 v.] |y BK |z 1 v. | ||
| 952 | |0 0 |1 0 |4 0 |6 DOC_741_500000000000000_SCR |7 0 |9 21340 |a BO |b BO |d 2026-01-15 |i 18438 |l 0 |o DOC 741.5 SCR |p BO18438 |r 2026-01-15 23:21:53 |w 2026-01-15 |x [Sebina 5] [1 v.] |y BK |z 1 v. | ||
| 999 | |c 2317 |d 2317 | ||